000 00632nam a22001817a 4500
999 _c185550
_d185550
005 20220204102848.0
010 _aENG-131392
020 _a9789354600333
_c595.00
035 _aEN-114924
037 _bDBAD
082 _a006.31
100 _aThareja, Reema
245 _aData Science and Machine Learning with R/
_cReema Thareja
260 _aUttar Pradesh
_bPearson India Education Services
_c2021
270 _a15th Flooor, Tower-B, World Trade Tower, Plot No. 1, Block-C, Sector-16
_bNoida
_e201301
_mcompanysecretary.india@pearson.com
300 _a472p.
_bIndex
_c24cm(pbk)
942 _2ddc
_cEN
_h006.31
_mTHA